QUIZ KRAJE W EUROPIE NA LITERĘ S - Statystyki

Ogólne statystyki
  • Ten quiz został rozwiązany 86 razy
  • Średni wynik to 4 z 5
Statystyki odpowiedzi
# Odpowiedź % Poprawnych
3. Szwecja
94%
4. Słowacja
90%
5. Słowenia
90%
2. Serbia
75%
1. San Marino
65%
Nie znaleziono quizów pasujących do podanych kryteriów
Rozkład punktacji
Procent ludzi z każdym wynikiem
Percentyl według liczby udzielonych odpowiedzi
Twoja historia wyników
Nie rozwiązałeś tego quizu